Polyatomic Ions - Statistics

General Stats
  • This quiz has been taken 162 times
    154 since last reset
  • The average score is 10 of 14
Answer Stats
Name Charge Formula % Correct
Sulfate 2- SO4
86%
Ammonium 1+ NH4
85%
Nitrate 1- NO3
85%
Carbonate 2- CO3
84%
Nitrite 1- NO2
84%
Hydroxide 1- OH
83%
Phosphate 3- PO4
82%
Sulfite 2- SO3
82%
Phosphite 3- PO3
78%
Chlorate 1- ClO3
74%
Peroxide 2- O2
74%
Permanganate 1- MnO4
61%
Bicarbonate 1- HCO3
50%
Acetate 1- C2H3O2
31%
No matching quizzes found
Score Distribution
Percent of People with Each Score
Percentile by Number Answered
Your Score History
You have not taken this quiz since the last reset